Guess the Taylor Swift's song by the Chorus - Statistics

General Stats
  • This quiz has been taken 2,839 times
  • The average score is 14 of 15
Answer Stats
Chorus Song % Correct
" So it's gonna be forever, or it's gonna go down in flames? You can tell me when it's over, mmm, if the high was worth the pain, got a long list of ex-lovers, they'll tell you I'm insane, 'cause you know I love the players, and you love the game, 'cause we're young and we're reckless, we'll take this way too far, it'll leave you breathless, mmm, or with a nasty scar, got a long list of ex-lovers, they'll tell you I'm insane, but I've got a (..... .....), baby, and I'll write your name " Blank Space - 1989
99%
" Romeo, take me somewhere we can be alone, I'll be waiting, all there's left to do is run, you'll be the prince and I'll be the princess, it's a (.... .....), baby, just say, "Yes" " Love Story (Taylor's Version) - Fearless (Taylor's Version)
99%
" Say you'll remember me, standin' in a nice dress, starin' at the sunset, babe, red lips and rosy cheeks, say you'll see me again, even if it's just in your (....... ......), ah, ha, (....... ......), ah, ha " Wildest Dreams (Taylor’s Version) - 1989 (Taylor’s Version)
99%
" You were drivin' the (....... ...), we were flyin’, but we'd never get far, don't pretend it's such a mystery, think about the place where you first met me, ridin' in a (....... ...), there were sirens in the beat of your heart, should've known I'd be the first to leave, think about the place where you first met me, in a (....... ...), oh-oh-oh, no, they never get far, oh-oh-ah, no, nothing good starts in a (....... ...) " Getaway Car - reputation
97%
" If you could see that I'm the onе who understands you, been here all along, so why can't you see? (... ...... .... ..) (... ...... .... ..) " You Belong With Me (Taylor’s Version) - Fearless (Taylor's Version)
97%
" I don't know about you, but I'm feelin' (..), everything will be alright if you keep me next to you, you don't know about me, but I'll bet you want to, everything will bе alright if, we just keep dancin' like we'rе (..) (..) " 22 (Taylor’s Version) - Red (Taylor’s Version)
95%
" And it's new, the shape of your body, it's blue, the feeling I've got, and it's ooh, whoa oh, it's a (..... ......), it's cool, that's what I tell 'em no rules in breakable heaven, but ooh, whoa oh, it's a (..... ......), with you " Cruel Summer - Lover
95%
" This night is sparkling, don't you let it go, I'm wonderstruck, blushing all the way home, I'll spend forever wondering if you knew, I was (.........) to meet you " Enchanted - Speak Now
95%
" Losing him was blue like I'd never known, missing him was dark gray, all alone (Whoa), forgetting him was like trying to know somebody you never met, but loving him was (...) " Red (Taylor’s Version) - Red (Taylor’s Version)
95%
" So oh-oh, oh-oh, oh-oh, oh-oh, oh-oh, (... .... .. .... ....), you're being too loud, and I'm just like oh-oh, oh-oh, oh-oh, oh-oh, oh-oh (Oh), you need to just stop, like can you just not step on my gown? (... .... .. .... ....) " You Need To Calm Down - Lover
93%
" You're so (........), I can't say anything to your face, 'cause look at your face ((........)) and I'm so furious, at you for making me feel this way, aut what can I say? You're (........) " Gorgeous - reputation
92%
" But I knew you, dancin' in your Levi's, drunk under a streetlight, I, I knew you, hand under my sweatshirt, baby, kiss it better, I " cardigan - folklore
90%
" The more that you say, the less I know, wherever you stray, I follow, I'm begging for you to take my hand, wreck my plans, that's my man, you know that my train could take you home, anywhere else is hollow, I'm begging for you to take my hand, wreck my plans, that's my man " willow - evermore
89%
" Drop everything now, meet me in the pouring rain, kiss me on the sidewalk, take away the pain, 'cause I see (...... ...) whenever you smile, get me with those green eyes, baby, as the lights go down, give me something that'll haunt me when you're not around, 'cause I see (...... ...) whenever you smile " Sparks Fly - Speak Now
88%
" He got my heartbeat, skipping down 16th Avenue, got that, ah, I mean, wanna see what's under that attitude like, I want you, bless my soul, and I ain't gotta tell him, (. .... .. .....) " I Think He Knows - Lover
72%
No matching quizzes found
Score Distribution
Percent of People with Each Score
Percentile by Number Answered
Your Score History
You have not taken this quiz